[Event "Nordstrand GP"]
[Site "Oslo"]
[Date "2016.04.17"]
[Round "4"]
[White "Pettersen, Johan"]
[Black "Kulikov, Evgeny"]
[Result "0-1"]
[WhiteElo "1855"]
[BlackElo "2241"]
[PlyCount "72"]
[EventDate "2016.04.15"]
[EventType "swiss"]
[EventRounds "5"]
[EventCountry "NOR"]
[SourceTitle "EXT 2018"]
[Source "ChessBase"]
[SourceDate "2017.10.13"]
[SourceVersion "1"]
[SourceVersionDate "2017.10.13"]
[SourceQuality "1"]

1. e4 c5 2. Nf3 Nc6 3. c3 d5 4. exd5 Qxd5 5. d4 e6 6. Na3 Nf6 7. Nb5 Qd8 8. dxc5 Bxc5 9. Qxd8+ Kxd8 10. b4 Bb6 11. Bg5 Ke7 12. Be2 Rd8 13. 0-0 h6 14. Bxf6+ gxf6 15. a4 a5 16. Rfb1 e5 17. Ra2 Be6 18. Raa1 axb4 19. cxb4 e4 20. Ne1 Rd2 21. Kf1 Rad8 22. a5 Rxe2 23. axb6 Rdd2 24. Rc1 Rxf2+ 25. Kg1 Rf5 26. Rc5 Nxb4 27. Rc7+ Rd7 28. Nd4 Rfd5 29. Nxe6 Kxe6 30. Ra4 Rd4 31. Kf1 Kd6 32. Rc8 Nc6 33. Ra3 Rb4 34. Rh8 Rxb6 35. Rxh6 Ke5 36. Kf2 Rb2+ 0-1

[Event "SZFO-ch"]
[Site "St Petersburg"]
[Date "2009.03.29"]
[Round "9"]
[White "Kulikov, Evgeny"]
[Black "Ivanov, Alexander G"]
[Result "1-0"]
[WhiteElo "2242"]
[BlackElo "2119"]
[PlyCount "45"]
[EventDate "2009.03.23"]
[EventType "swiss"]
[EventRounds "9"]
[EventCountry "RUS"]
[SourceTitle "EXT 2010"]
[Source "ChessBase"]
[SourceDate "2010.11.25"]
[SourceVersion "1"]
[SourceVersionDate "2010.11.25"]
[SourceQuality "1"]

1. e4 Nf6 2. e5 Nd5 3. d4 d6 4. c4 Nb6 5. exd6 exd6 6. Nf3 Bg4 7. Be3 Be7 8. Be2 0-0 9. 0-0 Nc6 10. b3 f5 11. Nc3 Qe8 12. Qd2 Qg6 13. Kh1 Rae8 14. h3 Bh5 15. Rac1 Kh8 16. Nd5 Nxd5 17. cxd5 f4 18. dxc6 fxe3 19. fxe3 bxc6 20. g4 Qe6 21. gxh5 Qxh3+ 22. Nh2 Bh4 23. Bg4 1-0

[Event "SZFO-ch"]
[Site "St Petersburg"]
[Date "2009.03.28"]
[Round "8"]
[White "Ivanov, Sergey A"]
[Black "Kulikov, Evgeny"]
[Result "1-0"]
[WhiteElo "2348"]
[BlackElo "2242"]
[PlyCount "81"]
[EventDate "2009.03.23"]
[EventType "swiss"]
[EventRounds "9"]
[EventCountry "RUS"]
[SourceTitle "EXT 2010"]
[Source "ChessBase"]
[SourceDate "2010.11.25"]
[SourceVersion "1"]
[SourceVersionDate "2010.11.25"]
[SourceQuality "1"]

1. c4 g6 2. Nc3 Bg7 3. g3 c5 4. Bg2 Nc6 5. a3 e5 6. Rb1 a5 7. d3 Nge7 8. Nf3 0-0 9. 0-0 d6 10. Ne1 f5 11. Nc2 f4 12. b4 axb4 13. axb4 cxb4 14. Nxb4 Bg4 15. Nbd5 Ra7 16. Nb5 Ra2 17. Ndc3 Ra6 18. Ne4 Nc8 19. Ba3 Nd4 20. Nxd4 Rxa3 21. Nc2 Ra7 22. Re1 Kh8 23. Nb4 Ne7 24. Nc3 Nf5 25. Nb5 Ra5 26. Nd5 Qg5 27. Qd2 Ra4 28. e4 fxe3 29. fxe3 Bh6 30. Nbc3 Ra7 31. Ne4 Qd8 32. h3 Nxe3 33. Nxe3 Bf3 34. Rf1 Bxg2 35. Kxg2 Rxf1 36. Rxf1 b5 37. Qe2 bxc4 38. Kh2 cxd3 39. Qxd3 Ra3 40. Nc3 e4 41. Qd2 1-0

[Event "SZFO-ch"]
[Site "St Petersburg"]
[Date "2009.03.26"]
[Round "5"]
[White "Kulikov, Evgeny"]
[Black "Feoktistov, Alexey A"]
[Result "0-1"]
[WhiteElo "2242"]
[BlackElo "2415"]
[PlyCount "70"]
[EventDate "2009.03.23"]
[EventType "swiss"]
[EventRounds "9"]
[EventCountry "RUS"]
[SourceTitle "EXT 2010"]
[Source "ChessBase"]
[SourceDate "2010.11.25"]
[SourceVersion "1"]
[SourceVersionDate "2010.11.25"]
[SourceQuality "1"]

1. e4 Nc6 2. Nf3 e5 3. Bb5 Nd4 4. Nxd4 exd4 5. 0-0 Bc5 6. d3 c6 7. Bc4 d5 8. exd5 cxd5 9. Bb5+ Bd7 10. Re1+ Ne7 11. Bxd7+ Qxd7 12. c3 0-0 13. Nd2 Nc6 14. Nb3 Bb6 15. Qh5 Rfe8 16. Bd2 Re6 17. c4 dxc4 18. dxc4 d3 19. c5 Bc7 20. Rxe6 fxe6 21. Re1 Rf8 22. Re4 Rf5 23. Qh3 Qd5 24. Rh4 h5 25. Bc3 Be5 26. g4 Rf3 27. Qg2 Bxc3 28. bxc3 Qe4 29. Qf1 Ne5 30. Nd2 Qf4 31. Qe1 Qg5 32. Kh1 hxg4 33. Nc4 d2 34. Qxd2 Qxh4 35. Nxe5 Rxf2 0-1

[Event "SZFO-ch"]
[Site "St Petersburg"]
[Date "2009.03.25"]
[Round "2"]
[White "Malinin, Yuri"]
[Black "Kulikov, Evgeny"]
[Result "0-1"]
[WhiteElo "2331"]
[BlackElo "2242"]
[PlyCount "50"]
[EventDate "2009.03.23"]
[EventType "swiss"]
[EventRounds "9"]
[EventCountry "RUS"]
[SourceTitle "EXT 2010"]
[Source "ChessBase"]
[SourceDate "2010.11.25"]
[SourceVersion "1"]
[SourceVersionDate "2010.11.25"]
[SourceQuality "1"]

1. d4 Nf6 2. c4 g6 3. Nc3 Bg7 4. e4 d6 5. Nf3 0-0 6. Be2 e5 7. d5 a5 8. Bg5 Na6 9. Nd2 h6 10. Be3 Nc5 11. a3 b6 12. b4 axb4 13. axb4 Rxa1 14. Qxa1 Ncxe4 15. Ndxe4 Nxe4 16. Nxe4 f5 17. Nc3 f4 18. Bd2 e4 19. Qc1 Qg5 20. Kf1 e3 21. Be1 f3 22. Bxf3 Rxf3 23. Ne2 Qf6 24. Ng3 Rxf2+ 25. Kg1 Bh3 0-1

[Event "St Petersburg-ch sf"]
[Site "St Petersburg"]
[Date "2007.02.17"]
[Round "8"]
[White "Timofeev, Andrei"]
[Black "Kulikov, Evgeny"]
[Result "1-0"]
[WhiteElo "2335"]
[BlackElo "2260"]
[PlyCount "149"]
[EventDate "2007.02.10"]
[EventType "swiss"]
[EventRounds "9"]
[EventCountry "RUS"]
[SourceTitle "EXT 2008"]
[Source "ChessBase"]
[SourceDate "2007.11.25"]
[SourceVersion "1"]
[SourceVersionDate "2007.11.25"]
[SourceQuality "1"]

1. c4 g6 2. Nc3 Bg7 3. g3 Nf6 4. Bg2 0-0 5. d3 e5 6. e3 c6 7. Nge2 d5 8. cxd5 cxd5 9. d4 e4 10. Qb3 Nc6 11. 0-0 Rb8 12. Bd2 Bg4 13. h3 Bf3 14. Kh2 Na5 15. Qd1 Bxg2 16. Kxg2 b5 17. b3 g5 18. g4 Nc6 19. Ng3 Ne7 20. Nce2 b4 21. a3 bxa3 22. Rxa3 Qd7 23. Ng1 Rfc8 24. Ra4 h5 25. gxh5 Rb7 26. Bb4 Nf5 27. Bc5 Nh4+ 28. Kh1 g4 29. Ra6 gxh3 30. Rd6 Qe8 31. h6 Bh8 32. Nh5 Nxh5 33. Qxh5 Ng6 34. h7+ Kg7 35. Ne2 Rc6 36. Ng3 Rxd6 37. Nf5+ Kf6 38. Nxd6 Qd7 39. Qxd5 Rc7 40. Qxe4 Kg7 41. Ne8+ Kxh7 42. Nxc7 Qxc7 43. Rg1 Bg7 44. Rg3 Qc8 45. Qf3 Kg8 46. Rxh3 Ne5 47. Qg2 Ng6 48. b4 a6 49. Rg3 Qe6 50. d5 Qf5 51. d6 Be5 52. f4 Bf6 53. Qf3 Bg7 54. e4 Qf6 55. Qg4 Nxf4 56. Qxg7+ Qxg7 57. Rxg7+ Kxg7 58. d7 Ne6 59. Be7 f6 60. d8Q Nxd8 61. Bxd8 Kf7 62. Kg2 Ke6 63. Kf3 f5 64. exf5+ Kxf5 65. Bc7 Ke6 66. Ke4 Kd7 67. Ba5 Ke6 68. Kd4 Kd6 69. Kc4 Kc6 70. Kb3 Kd7 71. Ka4 Kc6 72. Bd8 Kd7 73. Bh4 Kc6 74. Ka5 Kb7 75. Bf2 1-0

[Event "St Petersburg-ch sf"]
[Site "St Petersburg"]
[Date "2007.02.15"]
[Round "6"]
[White "Zacurdajev, Mikhail"]
[Black "Kulikov, Evgeny"]
[Result "1-0"]
[WhiteElo "2374"]
[BlackElo "2260"]
[PlyCount "77"]
[EventDate "2007.02.10"]
[EventType "swiss"]
[EventRounds "9"]
[EventCountry "RUS"]
[SourceTitle "EXT 2008"]
[Source "ChessBase"]
[SourceDate "2007.11.25"]
[SourceVersion "1"]
[SourceVersionDate "2007.11.25"]
[SourceQuality "1"]

1. d4 Nf6 2. c4 g6 3. Nc3 Bg7 4. Nf3 d6 5. e4 0-0 6. Be2 e5 7. Be3 c6 8. 0-0 exd4 9. Nxd4 Re8 10. f3 d5 11. cxd5 cxd5 12. Qb3 dxe4 13. Bc4 Rf8 14. Rad1 Qe7 15. Nxe4 Nxe4 16. fxe4 Nd7 17. Bxf7+ Rxf7 18. Ne6 Nf8 19. Nxg7 Kxg7 20. Rxf7+ Qxf7 21. Bh6+ Kg8 22. Rd8 Be6 23. Rxa8 Bxb3 24. axb3 a5 25. Rxf8+ Qxf8 26. Bxf8 Kxf8 27. Kf2 Ke7 28. Ke3 Ke6 29. Kd4 h6 30. e5 b6 31. g4 h5 32. h3 b5 33. Ke4 Ke7 34. Kd5 Kd7 35. e6+ Ke7 36. Ke5 hxg4 37. hxg4 g5 38. Kf5 b4 39. Ke5 1-0

[Event "St Petersburg FINEC IM"]
[Site "St Petersburg"]
[Date "2007.02.01"]
[Round "10"]
[White "Kulikov, Evgeny"]
[Black "Zakharchenko, Arnold"]
[Result "1-0"]
[WhiteElo "2260"]
[BlackElo "2301"]
[PlyCount "59"]
[EventDate "2007.01.25"]
[EventType "tourn"]
[EventRounds "11"]
[EventCountry "RUS"]
[EventCategory "3"]
[SourceTitle "CBM 116 Extra"]
[Source "ChessBase"]
[SourceDate "2007.03.07"]
[SourceVersion "1"]
[SourceVersionDate "2007.03.07"]
[SourceQuality "1"]

1. e4 c5 2. Nf3 Nc6 3. Nc3 g6 4. d4 cxd4 5. Nxd4 Bg7 6. Be3 Nf6 7. Bc4 0-0 8. Bb3 a5 9. 0-0 a4 10. Nxa4 Nxe4 11. Nb5 Ra6 12. Qe2 d6 13. c4 Nf6 14. Rfd1 Ng4 15. Bg5 h6 16. Rxd6 Nd4 17. Rxd4 Bxd4 18. Bh4 Bf6 19. Bg3 Re6 20. Qc2 Be5 21. c5 Bxg3 22. hxg3 Rf6 23. f3 Bd7 24. Nac3 Bxb5 25. Nxb5 Ne5 26. Qc3 Qb8 27. f4 Nc6 28. Re1 Rd8 29. Rxe7 Kg7 30. Rxf7+ 1-0

[Event "St Petersburg FINEC IM"]
[Site "St Petersburg"]
[Date "2007.01.26"]
[Round "2"]
[White "Kulikov, Evgeny"]
[Black "Gogin, Ruslan"]
[Result "1-0"]
[WhiteElo "2260"]
[BlackElo "2135"]
[PlyCount "57"]
[EventDate "2007.01.25"]
[EventType "tourn"]
[EventRounds "11"]
[EventCountry "RUS"]
[EventCategory "3"]
[SourceTitle "CBM 116 Extra"]
[Source "ChessBase"]
[SourceDate "2007.03.07"]
[SourceVersion "1"]
[SourceVersionDate "2007.03.07"]
[SourceQuality "1"]

1. e4 c5 2. Nf3 Nc6 3. Nc3 Nf6 4. Bb5 Nd4 5. e5 Nxb5 6. Nxb5 Nd5 7. 0-0 a6 8. c4 Nb6 9. Nc3 d5 10. d4 Nxc4 11. b3 Na5 12. dxc5 e6 13. Bg5 Qc7 14. Na4 Rb8 15. Rc1 Bd7 16. Nb6 h6 17. Bf4 Be7 18. Qd2 g5 19. Bg3 g4 20. Nxd5 Qd8 21. Nxe7 Bb5 22. Nd4 Bxf1 23. Bh4 Bb5 24. Bf6 Rh7 25. Qf4 Qc7 26. Qxg4 Rh8 27. Bxh8 Qxe7 28. Bf6 Qf8 29. Nxe6 1-0

[Event "St Petersburg Chigorin CC-ch"]
[Site "St Petersburg"]
[Date "2005.05.24"]
[Round "8"]
[White "Khatenever, Feliks"]
[Black "Kulikov, Evgeny"]
[Result "0-1"]
[WhiteElo "2037"]
[BlackElo "2238"]
[PlyCount "90"]
[EventDate "2005.05.16"]
[EventType "swiss"]
[EventRounds "9"]
[EventCountry "RUS"]
[SourceTitle "EXT 2006"]
[Source "ChessBase"]
[SourceDate "2005.11.24"]
[SourceVersion "1"]
[SourceVersionDate "2005.11.24"]
[SourceQuality "1"]

1. d4 Nf6 2. e3 d6 3. c4 g6 4. Nf3 Bg7 5. Nc3 0-0 6. Be2 Nbd7 7. b4 e5 8. Bb2 c6 9. 0-0 Re8 10. dxe5 dxe5 11. e4 Qe7 12. a3 a5 13. bxa5 Nc5 14. Qc2 Ne6 15. Na4 Nd7 16. Bc3 Nd4 17. Qb2 c5 18. Nb6 Nxb6 19. axb6 Be6 20. a4 f5 21. exf5 gxf5 22. Rfe1 Qd6 23. Red1 Qc6 24. Bf1 Rxa4 25. Rxa4 Qxa4 26. Ra1 Qc6 27. Ng5 Bd7 28. Bxd4 cxd4 29. c5 h6 30. Qb3+ Kh8 31. Nf7+ Kh7 32. Nd6 Re7 33. Qb4 e4 34. Bb5 Qd5 35. Bc4 Qe5 36. Nxb7 e3 37. f4 Qxf4 38. Rf1 Qg5 39. Bd5 e2 40. Re1 Qe3+ 41. Kh1 Qf2 42. Qb1 d3 43. c6 d2 44. Bg8+ Kh8 45. Rg1 e1Q 0-1

[Event "St Petersburg Chigorin CC-ch"]
[Site "St Petersburg"]
[Date "2005.05.21"]
[Round "6"]
[White "Shchukin, Dmitry"]
[Black "Kulikov, Evgeny"]
[Result "1-0"]
[WhiteElo "2347"]
[BlackElo "2238"]
[PlyCount "59"]
[EventDate "2005.05.16"]
[EventType "swiss"]
[EventRounds "9"]
[EventCountry "RUS"]
[SourceTitle "EXT 2006"]
[Source "ChessBase"]
[SourceDate "2005.11.24"]
[SourceVersion "1"]
[SourceVersionDate "2005.11.24"]
[SourceQuality "1"]

1. e4 c5 2. Nf3 Nc6 3. d4 cxd4 4. Nxd4 g6 5. Nc3 Bg7 6. Be3 Nf6 7. Bc4 0-0 8. Bb3 a5 9. 0-0 a4 10. Nxa4 Nxe4 11. Nb5 Ra6 12. f3 Nf6 13. c4 d6 14. Rf2 Na5 15. Rc1 Nxb3 16. axb3 Bd7 17. Nac3 Qa5 18. Rd2 Bxb5 19. Nxb5 Rc8 20. Nc3 h5 21. h4 Qe5 22. Re2 e6 23. Qd2 d5 24. Bf4 Qf5 25. Re5 Ne4 26. fxe4 Qg4 27. exd5 Bxe5 28. Bxe5 exd5 29. Nxd5 Qxh4 30. Qh6 1-0

[Event "RUS-ch U18"]
[Site "Dagomys"]
[Date "2004.04.??"]
[Round "8"]
[White "Fominykh, Maria"]
[Black "Kulikov, Evgeny"]
[Result "1-0"]
[WhiteElo "2298"]
[BlackElo "2235"]
[PlyCount "69"]
[EventDate "2004.04.??"]
[EventType "swiss"]
[EventRounds "10"]
[EventCountry "RUS"]
[SourceTitle "EXT 2005"]
[Source "ChessBase"]
[SourceDate "2004.11.15"]
[SourceVersion "1"]
[SourceVersionDate "2004.11.15"]
[SourceQuality "1"]

1. d4 Nf6 2. Nf3 g6 3. c4 Bg7 4. Nc3 0-0 5. g3 d6 6. Bg2 Nbd7 7. 0-0 e5 8. e4 c6 9. h3 a5 10. b3 exd4 11. Nxd4 Nc5 12. Re1 Re8 13. Rb1 Nfd7 14. Be3 Qe7 15. Qc2 Nf6 16. Rbd1 Bd7 17. Bf4 Nh5 18. Nxc6 Bxc6 19. Bxd6 Qf6 20. e5 Qe6 21. Bxc5 Bxg2 22. Kxg2 Qc6+ 23. Rd5 Bxe5 24. Kg1 Bg7 25. Be3 Qe6 26. Kh2 f5 27. Bd2 Qf6 28. Rxe8+ Rxe8 29. Qd3 f4 30. g4 Qh4 31. Qf3 Nf6 32. Rxa5 h5 33. gxh5 g5 34. Nd5 Ne4 35. Be1 1-0

[Event "RUS-ch U18"]
[Site "Dagomys"]
[Date "2004.04.??"]
[Round "9"]
[White "Kulikov, Evgeny"]
[Black "Shkliar, Alexander"]
[Result "1-0"]
[WhiteElo "2235"]
[BlackElo "2310"]
[PlyCount "65"]
[EventDate "2004.04.??"]
[EventType "swiss"]
[EventRounds "10"]
[EventCountry "RUS"]
[SourceTitle "EXT 2005"]
[Source "ChessBase"]
[SourceDate "2004.11.15"]
[SourceVersion "1"]
[SourceVersionDate "2004.11.15"]
[SourceQuality "1"]

1. e4 e6 2. d4 d5 3. Nc3 Nf6 4. Bg5 Bb4 5. Nge2 dxe4 6. a3 Be7 7. Bxf6 Bxf6 8. Nxe4 0-0 9. Qd3 e5 10. Qf3 Nd7 11. 0-0-0 exd4 12. Nxd4 Bxd4 13. Rxd4 Qe7 14. Rd1 Ne5 15. Qg3 c6 16. f4 Ng4 17. Bd3 Bf5 18. Rhe1 Qc7 19. Ng5 Bxd3 20. Qxg4 h5 21. Qf3 Bf5 22. Re5 f6 23. Rxf5 fxg5 24. fxg5 Rxf5 25. Qxf5 Rf8 26. Qe6+ Qf7 27. Qxf7+ Kxf7 28. Rf1+ Ke7 29. Rxf8 Kxf8 30. Kd2 Kf7 31. Ke3 Ke6 32. Ke4 g6 33. h4 1-0

[Event "St Petersburg White Nights op2"]
[Site "St Petersburg"]
[Date "2002.??.??"]
[Round "9"]
[White "Altshul, Raffael"]
[Black "Kulikov, Evgeny"]
[Result "1-0"]
[WhiteElo "2338"]
[BlackElo "2192"]
[PlyCount "75"]
[EventDate "2002.??.??"]
[EventType "swiss"]
[EventRounds "9"]
[EventCountry "RUS"]
[SourceTitle "EXT 2003"]
[Source "ChessBase"]
[SourceDate "2002.11.25"]
[SourceVersion "1"]
[SourceVersionDate "2002.11.25"]
[SourceQuality "1"]

1. Nf3 Nf6 2. g3 g6 3. b3 Bg7 4. Bb2 0-0 5. Bg2 d6 6. d4 e5 7. dxe5 Nfd7 8. Nc3 dxe5 9. Qd2 c6 10. 0-0-0 b5 11. h4 Qb6 12. h5 a5 13. hxg6 hxg6 14. Ng5 a4 15. f4 Na6 16. Rh7 axb3 17. axb3 Ndc5 18. Qd6 Nxb3+ 19. cxb3 Qe3+ 20. Qd2 Qxg3 21. Bxc6 Nc5 22. Bd5 Be6 23. b4 Bxd5 24. bxc5 Bg2 25. Nce4 Qb3 26. Rxg7+ Kxg7 27. Bxe5+ Kg8 28. Qc3 Qxc3+ 29. Bxc3 b4 30. Bb2 Rfd8 31. Rg1 Bxe4 32. Nxe4 Kf8 33. Bf6 Rd5 34. Rh1 Rh5 35. Rd1 Re8 36. Be5 Rh2 37. Kd2 b3 38. Rb1 1-0

[Event "St Petersburg White Nights op2"]
[Site "St Petersburg"]
[Date "2002.??.??"]
[Round "7"]
[White "Kulikov, Evgeny"]
[Black "Barbitskij, Aleksey"]
[Result "1-0"]
[WhiteElo "2192"]
[BlackElo "2230"]
[PlyCount "117"]
[EventDate "2002.??.??"]
[EventType "swiss"]
[EventRounds "9"]
[EventCountry "RUS"]
[SourceTitle "EXT 2003"]
[Source "ChessBase"]
[SourceDate "2002.11.25"]
[SourceVersion "1"]
[SourceVersionDate "2002.11.25"]
[SourceQuality "1"]

1. e4 e5 2. Nf3 Nc6 3. Bb5 a6 4. Ba4 Nf6 5. d3 d6 6. c3 g6 7. Nbd2 Bg7 8. Nf1 0-0 9. Ng3 Nd7 10. 0-0 Nc5 11. Bxc6 bxc6 12. d4 exd4 13. cxd4 Nd7 14. Bg5 Qe8 15. Rc1 c5 16. Qd2 Rb8 17. b3 Rb7 18. Bh6 cxd4 19. Bxg7 Kxg7 20. Qxd4+ Kg8 21. Rfe1 Qe6 22. e5 dxe5 23. Nxe5 Qf6 24. Rc6 Qg7 25. f4 Nb8 26. Rc3 f6 27. Nc6 Nxc6 28. Rxc6 f5 29. Re5 Kh8 30. Ne2 a5 31. Rxa5 Bd7 32. Qxg7+ Kxg7 33. Rc2 Bb5 34. Nd4 Bd7 35. Rac5 Rc8 36. Kf2 Rb4 37. R5c4 Rxc4 38. Rxc4 c5 39. Nf3 Be6 40. Rc2 c4 41. bxc4 Rxc4 42. Rxc4 Bxc4 43. a4 Kf6 44. Ke3 h6 45. h4 Bb3 46. a5 Bc4 47. Kd4 Bf1 48. g3 Be2 49. Ne5 g5 50. Nc4 gxh4 51. gxh4 Kg6 52. a6 Kh5 53. a7 Bf3 54. Ne3 Bb7 55. Nxf5 Kg4 56. Ke5 h5 57. Nd6 Bc6 58. f5 Kxh4 59. f6 1-0

[Event "St Petersburg White Nights op2"]
[Site "St Petersburg"]
[Date "2002.??.??"]
[Round "1"]
[White "Shaposhnikov, Evgeny"]
[Black "Kulikov, Evgeny"]
[Result "1-0"]
[WhiteElo "2523"]
[BlackElo "2192"]
[PlyCount "79"]
[EventDate "2002.??.??"]
[EventType "swiss"]
[EventRounds "9"]
[EventCountry "RUS"]
[SourceTitle "EXT 2003"]
[Source "ChessBase"]
[SourceDate "2002.11.25"]
[SourceVersion "1"]
[SourceVersionDate "2002.11.25"]
[SourceQuality "1"]

1. e4 c5 2. Nf3 Nc6 3. Bb5 g6 4. 0-0 Bg7 5. c3 Nf6 6. Re1 0-0 7. h3 d6 8. d4 Qb6 9. Ba4 h6 10. Bb3 e5 11. Nbd2 Qc7 12. Nf1 Na5 13. Bc2 Bd7 14. Ne3 b5 15. b3 Rfe8 16. Bb2 c4 17. d5 Nh5 18. Kh2 Nf4 19. Ng1 Rf8 20. g3 Nh5 21. Qe2 Rab8 22. Nf3 Nf6 23. b4 Nb7 24. g4 a5 25. a3 axb4 26. axb4 Ra8 27. Rad1 h5 28. Rg1 Qc8 29. Nf5 gxf5 30. gxf5 Kh8 31. Bc1 Ra2 32. Rxg7 Kxg7 33. Rg1+ Ng4+ 34. hxg4 f6 35. g5 Kf7 36. gxf6 Rxc2 37. Qxc2 Rg8 38. Ng5+ Kxf6 39. Qe2 Rh8 40. Ne6 1-0